Household electric refrigeration, (Record no. 545892)

000 -LEADER
fixed length control field 00592cam a22001691 4500
082 ## - DEWEY DECIMAL CLASSIFICATION NUMBER
Classification number 621.57
Author Mark WOS
-- L-8, P-3
100 1# - MAIN ENTRY--PERSONAL NAME
Personal name Wostrel, John Frank.
9 (RLIN) 41875
245 10 - TITLE STATEMENT
Title Household electric refrigeration,
Remainder of title including gas absorption system,
Statement of responsibility, etc. by John F. Wostrel and John G. Praetz.
250 ## - EDITION STATEMENT
Edition statement 2d ed.
260 ## - PUBLICATION, DISTRIBUTION, ETC.
Place of publication, distribution, etc. New York,
Name of publisher, distributor, etc. McGraw-Hill Book Co.,
Date of publication, distribution, etc. 1948.
300 ## - PHYSICAL DESCRIPTION
Extent x, 458 p.
Other physical details illus.
Dimensions 24 cm.
526 ## - STUDY PROGRAM INFORMATION NOTE
Program name 0
Interest level 0
Reading level 0
Title point value 621_570000000000000_WOS
650 #0 - SUBJECT ADDED ENTRY--TOPICAL TERM
Topical term or geographic name entry element MCE
9 (RLIN) 379
650 #0 - SUBJECT ADDED ENTRY--TOPICAL TERM
Topical term or geographic name entry element Refrigeration and refrigerating machinery.
9 (RLIN) 19031
700 1# - ADDED ENTRY--PERSONAL NAME
Personal name Praetz, John George,
9 (RLIN) 41876
942 ## - ADDED ENTRY ELEMENTS (KOHA)
Source of classification or shelving scheme
Koha item type Book
Holdings
Withdrawn status Lost status Source of classification or shelving scheme Damaged status Not for loan Permanent Location Current Location Date acquired Total Checkouts Full call number Barcode Date last seen Price effective from Koha item type
          Military College of Engineering (MCE) Military College of Engineering (MCE) 05/29/2014   621.57 WOS MCE-40908 05/29/2014 05/29/2014 Book
© 2023 Central Library, National University of Sciences and Technology. All Rights Reserved.